Členenie nákladov z environmentálneho hľadiska diplomová práca

Salvato in:
Dettagli Bibliografici
Autore principale: Ildža, Miroslav
Ente Autore: Fakulta hospodárskej informatiky EU. Katedra účtovníctva a audítorstva
Altri autori: Kubaščíková, Zuzana, 1982-
Natura: Libro
Lingua:slovacco
Pubblicazione: Bratislava 2014
Tags: Aggiungi Tag
Nessun Tag, puoi essere il primo ad aggiungerne!!

MARC

LEADER 00000nbm a2200000 4500
001 0188688
005 20170201105458.6
041 0 |a slo 
044 |a SK 
245 1 0 |a Členenie nákladov z environmentálneho hľadiska  |b diplomová práca  |c Miroslav Ildža ; školiteľ: Zuzana Kubaščíková 
264 1 |a Bratislava  |c 2014 
300 |a 74 s. 
100 1 |a Ildža, Miroslav 
700 1 |a Kubaščíková, Zuzana, 1982- 
710 2 |a Fakulta hospodárskej informatiky EU. Katedra účtovníctva a audítorstva